Statistiques concernant Sauvez l'Humanité en Devinant des Pays

Cliquez ici pour prendre le quiz!

Statistiques générales

  • Ce quiz a été pris 21 569 fois
    (21 441 depuis la dernière actualisation)
  • Le résultat moyen est 4941 sur 7811

Réponses sur la Carte

Les réponses sont colorées sur une échelle allant du rouge au vert en fonction du pourcentage des utilisateurs qui les ont devinées à leur premier essai. Vous pouvez retrouver ces pourcentages ci-dessous.
Chargement ...
 

Statistiques - réponses

populationCountry% Correct
67,515,709France
96%
1,447,470,092Chine
95%
331,002,651Etats-Unis
95%
145,934,462Russie
90%
1,380,004,385Inde
88%
212,559,417Brésil
87%
37,742,154Canada
82%
83,783,942Allemagne
82%
126,476,461Japon
78%
46,754,778Espagne
77%
128,932,753Mexique
77%
25,499,884Australie
72%
45,195,774Argentine
72%
67,886,011Royaume-Uni
70%
60,461,826Italie
68%
273,523,615Indonésie
62%
43,851,044Algérie
60%
59,308,690Afrique du Sud
58%
102,334,404Égypte
54%
24,206,644Niger
53%
220,892,340Pakistan
52%
89,561,403République démocratique du Congo
49%
37,507,899Maroc
49%
206,139,589Nigeria
48%
5,518,087République du Congo
46%
83,992,949Iran
45%
19,116,201Chili
44%
10,196,709Portugal
43%
51,269,185Corée du Sud
43%
50,882,891Colombie
42%
84,339,067Turquie
42%
164,689,383Bangladesh
41%
32,971,854Pérou
41%
37,846,611Pologne
39%
10,099,265Suède
39%
69,799,978Thaïlande
39%
97,338,579Viêt Nam
36%
40,222,493Irak
36%
109,581,078Philippines
34%
43,733,762Ukraine
34%
5,421,241Norvège
33%
32,365,999Malaisie
31%
3,278,290Mongolie
31%
114,963,588Éthiopie
30%
11,818,619Tunisie
30%
34,813,871Arabie Saoudite
29%
5,540,720Finlande
29%
4,937,786Irlande
28%
8,654,622Suisse
27%
4,822,233Nouvelle-Zélande
27%
28,435,940Venezuela
27%
11,589,623Belgique
27%
10,423,054Grèce
26%
25,778,816Corée du Nord
26%
11,673,021Bolivie
24%
43,849,260Soudan
23%
7,275,560Laos
22%
20,250,833Mali
22%
6,871,292Libye
22%
38,928,346Afghanistan
20%
341,243Islande
20%
18,776,707Kazakhstan
20%
17,134,872Pays-Bas
19%
16,718,965Cambodge
19%
5,792,202Danemark
19%
54,409,800Birmanie
18%
19,237,691Roumanie
18%
3,473,730Uruguay
18%
53,771,296Kenya
18%
9,006,398Autriche
17%
59,734,218Tanzanie
17%
7,132,538Paraguay
16%
15,893,222Somalie
16%
17,500,658Syrie
15%
16,743,927Sénégal
15%
17,643,054Équateur
14%
16,425,864Tchad
14%
32,866,272Angola
14%
11,326,616Cuba
14%
29,136,808Népal
14%
23,816,775Taïwan
13%
9,449,323Biélorussie
13%
9,660,351Hongrie
12%
6,825,445Liban
12%
8,655,535Israël
12%
1,326,535Estonie
11%
39,242Monaco
11%
21,413,249Sri Lanka
11%
801Vatican
10%
27,691,018Madagascar
10%
26,545,863Cameroun
10%
4,314,767Panama
10%
8,278,724Togo
10%
1,886,198Lettonie
10%
2,722,289Lituanie
10%
31,072,940Ghana
9%
2,540,905Namibie
9%
625,978Luxembourg
9%
77,265Andorre
9%
29,825,964Yémen
9%
6,948,445Bulgarie
9%
9,890,402Émirats arabes unis
9%
17,915,568Guatemala
8%
11,193,725Soudan du Sud
8%
45,741,007Ouganda
8%
5,106,626Oman
8%
2,881,053Qatar
8%
4,649,658Mauritanie
8%
31,255,435Mozambique
8%
4,105,267Croatie
8%
5,850,342Singapour
8%
5,459,642Slovaquie
7%
26,378,274Côte d'Ivoire
7%
771,608Bhoutan
7%
6,926,908Serbie
7%
2,225,734Gabon
7%
13,132,795Guinée
7%
441,543Malte
6%
2,877,797Albanie
6%
2,078,938Slovénie
6%
33,469,203Ouzbékistan
6%
10,708,981République tchèque
6%
10,203,134Jordanie
6%
6,624,554Nicaragua
6%
5,094,118Costa Rica
6%
12,123,200Bénin
6%
9,904,607Honduras
6%
11,402,528Haïti
6%
1,207,359Chypre
5%
586,632Suriname
5%
1,810,463Kosovo
5%
18,383,955Zambie
5%
2,961,167Jamaïque
5%
4,829,767République Centrafricaine
5%
786,552Guyana
5%
3,546,421Érythrée
4%
4,270,571Koweït
4%
4,033,963Moldavie
4%
397,628Belize
4%
3,989,167Géorgie
4%
12,952,218Rwanda
4%
3,280,819Bosnie-Herzégovine
4%
2,963,243Arménie
4%
2,142,249Lesotho
4%
14,862,924Zimbabwe
4%
2,351,627Botswana
4%
33,931Saint-Marin
4%
20,903,273Burkina Faso
4%
8,947,024Papouasie-Nouvelle-Guinée
4%
393,244Bahamas
3%
10,139,177Azerbaïdjan
3%
5,057,681Liberia
3%
437,479Brunei
3%
38,128Liechtenstein
3%
18,094Palaos
3%
628,066Monténégro
3%
10,824Nauru
3%
2,416,668Gambie
3%
896,445Fidji
3%
19,129,952Malawi
3%
6,031,200Turkménistan
3%
6,486,205Salvador
3%
2,083,374Macédoine du Nord
3%
115,023Micronésie
2%
119,449Kiribati
2%
988,000Djibouti
2%
198,414Samoa
2%
307,145Vanuatu
2%
1,968,001Guinée-Bissau
2%
1,701,575Bahreïn
2%
10,847,910République dominicaine
2%
6,524,195Kirghizistan
2%
540,544Maldives
2%
555,987Cap-Vert
2%
11,890,784Burundi
2%
11,792Tuvalu
2%
9,537,645Tadjikistan
2%
1,160,164Eswatini
2%
105,695Tonga
2%
7,976,983Sierra Leone
1%
53,199Saint-Christophe- et-Niévès
1%
59,190Îles Marshall
1%
71,986Dominique
1%
183,627Sainte-Lucie
1%
97,929Antigua-et-Barbuda
1%
98,347Seychelles
1%
110,940Saint-Vincent-et-les- Grenadines
1%
112,523Grenade
1%
219,159Sao Tomé-et-Principe
1%
287,375Barbade
1%
1,402,985Guinée équatoriale
1%
1,399,488Trinité-et-Tobago
1%
1,318,445Timor oriental
1%
1,271,768Île Maurice
1%
686,884Salomon
1%
869,601Comores
1%

Distribution des résultats

Percentile par nombre de réponses

% des personnes avec chaque résultat

Votre développement - résultats

Vous n’avez pas pris ce quiz depuis la dernière actualisation